|
|
|
|
| LEADER |
00000naa0a2200000 4500 |
| 001 |
652710 |
| 005 |
20250903091405.0 |
| 035 |
|
|
|a (RuTPU)RU\TPU\network\18048
|
| 090 |
|
|
|a 652710
|
| 100 |
|
|
|a 20170124d2012 k||y0rusy50 ca
|
| 101 |
0 |
|
|a rus
|
| 102 |
|
|
|a RU
|
| 135 |
|
|
|a drgn ---uucaa
|
| 181 |
|
0 |
|a i
|
| 182 |
|
0 |
|a b
|
| 200 |
1 |
|
|a Люминесценция Tl2+Vc- дырочных центров окраски в радиационно-окрашенных кристаллах CsI(Tl)
|f Л. Н. Трефилова [и др.]
|
| 203 |
|
|
|a Текст
|c электронный
|
| 300 |
|
|
|a Заглавие с экрана
|
| 463 |
|
1 |
|t Люминесценция и лазерная физика, ЛЛФ-2012
|o тезисы лекций и докладов XIII Международной молодежной конференции, посвященной 110-летию со дня рождения заслуженного деятеля науки Российской Федерации профессора И.А. Парфиановича, 16-22 Июля 2012, Иркутск
|f Российская академия наук (РАН), Сибирское отделение (СО), Институт геохимии им. А. П. Виноградова (ИГХ) ; Иркутский государственный университет (ИрГУ) ; Академия наук СССР (АН СССР), Сибирское отделение (СО), Иркутский научный центр (ИНЦ)
|v [С. 154-155]
|d 2012
|
| 610 |
1 |
|
|a труды учёных ТПУ
|
| 610 |
1 |
|
|a электронный ресурс
|
| 610 |
1 |
|
|a люминесценция
|
| 610 |
1 |
|
|a дырочные центры
|
| 610 |
1 |
|
|a кристаллы
|
| 701 |
|
1 |
|a Трефилова
|b Л. Н.
|g Лариса Николаевна
|
| 701 |
|
1 |
|a Яковлев
|b В. Ю.
|c специалист в области светотехники
|c профессор Томского политехнического университета, доктор физико-математических наук
|f 1949-
|g Виктор Юрьевич
|3 (RuTPU)RU\TPU\pers\22024
|9 9321
|
| 701 |
|
1 |
|a Алексеев
|b В. Д.
|g Вадим Дмитриевич
|
| 701 |
|
1 |
|a Мелешко
|b А. А.
|c специалист в области светотехники
|c ассистент, доцент Томского политехнического университета, кандидат физико-математических наук
|f 1983-
|g Анна Алексеевна
|3 (RuTPU)RU\TPU\pers\37814
|9 20528
|
| 712 |
0 |
2 |
|a Национальный исследовательский Томский политехнический университет (ТПУ)
|b Институт физики высоких технологий (ИФВТ)
|3 (RuTPU)RU\TPU\col\17233
|
| 801 |
|
2 |
|a RU
|b 63413507
|c 20170124
|g RCR
|
| 856 |
4 |
|
|u http://www.llph.ru/library/2012/LLPH-2012.pdf#page=154
|
| 942 |
|
|
|c CF
|